Al-Quran pertamaku : (Record no. 126015)
[ view plain ]
| 000 -LEADER | |
|---|---|
| fixed length control field | 00805nam a2200277 i 4500 |
| 001 - CONTROL NUMBER | |
| control field | C2-0326337 |
| 003 - CONTROL NUMBER IDENTIFIER | |
| control field | PPAK |
| 005 - DATE AND TIME OF LATEST TRANSACTION | |
| control field | 20180728124225.0 |
| 008 - FIXED-LENGTH DATA ELEMENTS--GENERAL INFORMATION | |
| fixed length control field | 140325s2011 my a|||| ||||| | may d |
| 020 ## - INTERNATIONAL STANDARD BOOK NUMBER | |
| International Standard Book Number | 9789674031459 |
| 040 ## - CATALOGING SOURCE | |
| Original cataloging agency | PPAK |
| Language of cataloging | eng |
| Transcribing agency | PPAK |
| Description conventions | rda |
| 082 04 - DEWEY DECIMAL CLASSIFICATION NUMBER | |
| Classification number | 297.1229 |
| Edition number | 23 |
| 090 00 - LOCALLY ASSIGNED LC-TYPE CALL NUMBER (OCLC); LOCAL CALL NUMBER (RLIN) | |
| Classification number (OCLC) (R) ; Classification number, CALL (RLIN) (NR) | 297.1229 |
| Feature heading | ARS |
| Feature heading | RK |
| 100 0# - MAIN ENTRY--PERSONAL NAME | |
| Personal name | Arsil Ibrahim, |
| Relator term | author |
| 245 10 - TITLE STATEMENT | |
| Title | Al-Quran pertamaku : |
| 250 ## - EDITION STATEMENT | |
| Edition statement | juzuk Amma |
| 264 #1 - PRODUCTION, PUBLICATION, DISTRIBUTION, MANUFACTURE, AND COPYRIGHT NOTICE | |
| Place of production, publication, distribution, manufacture | Kuala Lumpur : |
| Name of producer, publisher, distributor, manufacturer | Blue-T Publication , |
| Date of production, publication, distribution, manufacture, or copyright notice | 2011 |
| 300 ## - PHYSICAL DESCRIPTION | |
| Extent | 273 pages : |
| Other physical details | colour illustrations ; |
| Dimensions | 26 cm |
| 336 ## - CONTENT TYPE | |
| Source | rdacontent |
| Content type term | text |
| 337 ## - MEDIA TYPE | |
| Source | rdamedia |
| Media type term | unmediated |
| 338 ## - CARRIER TYPE | |
| Source | rdacarrier |
| Carrier type term | volume |
| 490 1# - SERIES STATEMENT | |
| Series statement | Siri bacaan Ana muslim |
| 650 10 - SUBJECT ADDED ENTRY--TOPICAL TERM | |
| Topical term or geographic name entry element | Koran.Juz'Amma - Criticiam, interpretation, etc. |
| 830 #0 - SERIES ADDED ENTRY--UNIFORM TITLE | |
| Uniform title | Siri bacaan Ana muslim |
| 942 ## - ADDED ENTRY ELEMENTS (KOHA) | |
| -- | dc |
| Koha item type | Book |
| Withdrawn | Not for loan | Current library | Shelving location | Date acquired | Full call number | Barcode | Date last seen | Koha item type | Total Checkouts |
|---|---|---|---|---|---|---|---|---|---|
| Not For Loan | Perpustakaan Alor Setar | Rujukan Kanak-kanak | 03/04/2014 | RK 297.1229 ARS | A01437492 | 09/05/2018 | Book | ||
| Not For Loan | Perpustakaan Alor Setar | Rujukan Kanak-kanak | 03/04/2014 | RK 297.1229 ARS | A01437493 | 09/05/2018 | Book | ||
| Not For Loan | Perpustakaan Awam Sungai Petani | Rujukan Kanak-kanak | 03/04/2014 | RK 297.1229 ARS | A01437494 | 08/11/2025 | Book | ||
| Not For Loan | Perpustakaan Baling | Rujukan Kanak-kanak | 03/04/2014 | RK 297.1229 ARS | A01437500 | 09/05/2018 | Book | ||
| Not For Loan | Perpustakaan Bandar Baharu | Rujukan Kanak-kanak | 03/04/2014 | RK 297.1229 ARS | A01437501 | 09/05/2018 | Book | ||
| Not For Loan | Perpustakaan Jitra | Rujukan Kanak-kanak | 03/04/2014 | RK 297.1229 ARS | A01437495 | 09/05/2018 | Book | ||
| Not For Loan | Perpustakaan Kuala Nerang | Rujukan Kanak-kanak | 03/04/2014 | RK 297.1229 ARS | A01437502 | 09/05/2018 | Book | ||
| Not For Loan | Perpustakaan Kulim | Rujukan Kanak-kanak | 03/04/2014 | RK 297.1229 ARS | A01437497 | 09/05/2018 | Book | ||
| Not For Loan | Perpustakaan Langkawi | Rujukan Kanak-kanak | 03/04/2014 | RK 297.1229 ARS | A01437496 | 09/05/2018 | Book | ||
| Not For Loan | Perpustakaan Merbok | Rujukan Kanak-kanak | 03/04/2014 | RK 297.1229 ARS | A01437504 | 09/05/2018 | Book | ||
| Not For Loan | Perpustakaan Pendang | Rujukan Kanak-kanak | 03/04/2014 | RK 297.1229 ARS | A01437505 | 09/05/2018 | Book | ||
| Not For Loan | Perpustakaan Sik | Rujukan Kanak-kanak | 03/04/2014 | RK 297.1229 ARS | A01437499 | 09/05/2018 | Book | ||
| Not For Loan | Perpustakaan Yan | Rujukan Kanak-kanak | 03/04/2014 | RK 297.1229 ARS | A01437498 | 09/05/2018 | Book |